00367 a2200109 4500999001900000001000600019003000500025082001700030245007500047942003600122952009900158 c323005d32300587932NUST a050.9541 MOF aforeign office Year Book 2006-07cMinistry of Foreign AffairshEnglish aCAE NUSTcBKk050.9541 MOF2ddc 001040708NFICaCAEbCAEd2017-04-03l0o050.9541 MOFpCAEG-9901r2017-04-05w2017-04-05yBK